000 00460nam a2200193Ia 4500
005 20250425160928.0
008 250425s9999 xx 000 0 und d
020 _a0408002670
041 _aeng
082 _a620.11223
100 _aSHREIR, L .L.
245 0 _aCORROSION 1: METAL ENVIRONMENT REACTIONS
250 _aS.E.
260 _aS.L.
260 _aSingapur
_bNEWNES- BUTTERWORTHS
_c1979
650 _aCORROSION
942 _c01
010 _a8611
999 _c199053
_d199053